Titres Red Hot Chili Peppers - Statistiques

Statistiques générales
  • Ce quiz a été pris 105 fois
  • Le résultat moyen est 41 sur 200
Statistiques - réponses
Album Année Titres % Correct
Californication 1999 Californication
90%
By the Way 2002 By the Way
81%
By the Way 2002 Can't Stop
79%
Stadium Arcadium (Mars) 2006 Dani California
77%
Blood Sugar Sex Magic 1991 Under the Bridge
77%
Stadium Arcadium (Mars) 2006 Snow (Hey oh)
76%
Californication 1999 Scar Tissue
74%
Blood Sugar Sex Magic 1991 Give it Away
69%
Californication 1999 Around the World
63%
Californication 1999 Otherside
63%
The Getaway 2016 Dark Necessities
53%
Stadium Arcadium (Mars) 2006 Stadium Arcadium
53%
Unlimited Love 2022 Black Summer
48%
Blood Sugar Sex Magic 1991 Blood Sugar Sex Magic
45%
Blood Sugar Sex Magic 1991 Suck my Kiss
45%
By the Way 2002 The Zephyr Song
45%
Stadium Arcadium (Mars) 2006 Wet Sand
45%
One Hot Minute 1995 Aeroplane
44%
Californication 1999 Parallel Universe
44%
The Getaway 2016 The Getaway
44%
Californication 1999 Road Trippin'
42%
Stadium Arcadium (Mars) 2006 Charlie
40%
Stadium Arcadium (Mars) 2006 Hey
40%
One Hot Minute 1995 My Friends
40%
Blood Sugar Sex Magic 1991 Breaking the Girl
39%
Stadium Arcadium (Jupiter) 2006 If
35%
Mother's Milk 1989 Higher Ground
34%
Blood Sugar Sex Magic 1991 If You Have to Ask
34%
One Hot Minute 1995 One Hot Minute
34%
Blood Sugar Sex Magic 1991 The Power of Equality
34%
Californication 1999 Easily
32%
Californication 1999 Get on Top
32%
Blood Sugar Sex Magic 1991 I Could Have Lied
32%
By the Way 2002 Dosed
31%
The Getaway 2016 Goodbye Angels
31%
Stadium Arcadium (Mars) 2006 Hump de Bump
31%
By the Way 2002 Tear
31%
By the Way 2002 Don't Forget Me
29%
Blood Sugar Sex Magic 1991 Funky Monks
29%
By the Way 2002 Universally Speaking
29%
Return of the Dream Canteen 2022 Eddie
27%
Blood Sugar Sex Magic 1991 Naked in the Rain
27%
Californication 1999 Porcelain
27%
Californication 1999 Right on Time
27%
By the Way 2002 Throw Away Your Television
27%
Stadium Arcadium (Jupiter) 2006 Death of a Martian
26%
Californication 1999 Purple Stain
26%
Stadium Arcadium (Mars) 2006 She's only 18
26%
Stadium Arcadium (Jupiter) 2006 Tell me Baby
26%
Blood Sugar Sex Magic 1991 They're Red Hot
26%
By the Way 2002 Venice Queen
26%
Freaky Styley 1985 Freaky Styley
24%
The Red Hot Chili Peppers 1984 Out in L.A.
24%
Californication 1999 Savior
24%
One Hot Minute 1995 Tearjerker
24%
I'm with You 2011 The Adventures of Rain Dance Maggie
24%
The Getaway 2016 The Longest Wave
24%
One Hot Minute 1995 Warped
24%
Californication 1999 I Like Dirt
23%
By the Way 2002 Midnight
23%
The Red Hot Chili Peppers 1984 Police Helicopter
23%
Blood Sugar Sex Magic 1991 Sir Psycho Sexy
23%
Californication 1999 This Velvet Glove
23%
Stadium Arcadium (Jupiter) 2006 Animal Bar
21%
The Getaway 2016 Go Robot
21%
I'm with You 2011 Monarchy of Roses
21%
Freaky Styley 1985 Sex Rap
21%
The Getaway 2016 Sick Love
21%
Stadium Arcadium (Mars) 2006 Slow Cheetah
21%
Blood Sugar Sex Magic 1991 Apache Rose Peacock
19%
One Hot Minute 1995 Coffee Shop
19%
Stadium Arcadium (Jupiter) 2006 Desecration Smile
19%
Freaky Styley 1985 Hollywood (Africa)
19%
By the Way 2002 I Could Die for You
19%
The Uplift Mofo Party Plan 1987 Me and my Friends
19%
Freaky Styley 1985 Yertle the Turtle
19%
Unlimited Love 2022 Aquatic Mouth Dance
18%
I'm with You 2011 Brendan's Death Song
18%
Blood Sugar Sex Magic 1991 My Lovely Man
18%
Stadium Arcadium (Jupiter) 2006 Storm In A Teacup
18%
Blood Sugar Sex Magic 1991 The Greeting Song
18%
The Getaway 2016 The Hunter
18%
Unlimited Love 2022 These Are The Ways
18%
Return of the Dream Canteen 2022 Tippa My Tongue
18%
One Hot Minute 1995 Walkabout
18%
Stadium Arcadium (Jupiter) 2006 21st Century
16%
The Uplift Mofo Party Plan 1987 Behind the Sun
16%
Stadium Arcadium (Mars) 2006 C'mon Girl
16%
Californication 1999 Emit Remmus
16%
Stadium Arcadium (Jupiter) 2006 Hard To Concentrate
16%
Mother's Milk 1989 Knock me Down
16%
Return of the Dream Canteen 2022 La La La La La La La La
16%
I'm with You 2011 Look Around
16%
Blood Sugar Sex Magic 1991 Mellowship Slinky in B Major
16%
Freaky Styley 1985 Nevermind
16%
One Hot Minute 1995 One Big Mob
16%
By the Way 2002 On Mercury
16%
Stadium Arcadium (Jupiter) 2006 Readymade
16%
Unlimited Love 2022 Tangelo
16%
Return of the Dream Canteen 2022 The Drummer
16%
Stadium Arcadium (Jupiter) 2006 We Believe
16%
Return of the Dream Canteen 2022 Bella
15%
By the Way 2002 Carbon
15%
I'm with You 2011 Ethiopia
15%
I'm with You 2011 Factory of Faith
15%
The Red Hot Chili Peppers 1984 Get up and Jump
15%
Freaky Styley 1985 Jungle Man
15%
By the Way 2002 Minor Thing
15%
One Hot Minute 1995 Pee
15%
Unlimited Love 2022 Poster Child
15%
Mother's Milk 1989 Pretty Little Ditty
15%
Unlimited Love 2022 She's a Lover
15%
Stadium Arcadium (Mars) 2006 Strip my Mind
15%
Blood Sugar Sex Magic 1991 The Righteous & The Wicked
15%
By the Way 2002 This is the Place
15%
The Red Hot Chili Peppers 1984 True Men Don't Kill Coyotes
15%
Stadium Arcadium (Jupiter) 2006 Turn it Again
15%
The Getaway 2016 Dreams of a Samurai
13%
The Getaway 2016 Encore
13%
Stadium Arcadium (Mars) 2006 Especially in Michigan
13%
One Hot Minute 1995 Falling into Grace
13%
The Uplift Mofo Party Plan 1987 Fight Like a Brave
13%
Mother's Milk 1989 Fire
13%
Freaky Styley 1985 If You Want Me to Stay
13%
Return of the Dream Canteen 2022 In the Snow
13%
Stadium Arcadium (Jupiter) 2006 Make You Feel Better
13%
Return of the Dream Canteen 2022 My Cigarette
13%
I'm with You 2011 Police Station
13%
Mother's Milk 1989 Subway to Venus
13%
Freaky Styley 1985 The Brothers Cup
13%
Stadium Arcadium (Mars) 2006 Torture me
13%
One Hot Minute 1995 Transcending
13%
Unlimited Love 2022 White Braids & Pillow Chair
13%
I'm with You 2011 Annie Wants a Baby
11%
One Hot Minute 1995 Deep Kick
11%
I'm with You 2011 Even You Brutus?
11%
Return of the Dream Canteen 2022 Fake as Fuck
11%
The Uplift Mofo Party Plan 1987 Funky Crime
11%
Unlimited Love 2022 Here Ever After
11%
Mother's Milk 1989 Nobody Weird Like Me
11%
Stadium Arcadium (Jupiter) 2006 She Looks To Me
11%
Stadium Arcadium (Mars) 2006 Warlocks
11%
Return of the Dream Canteen 2022 Afterlife
10%
Freaky Styley 1985 American Ghost Dance
10%
Freaky Styley 1985 Blackeyed Blonde
10%
I'm with You 2011 Dance, Dance, Dance
10%
I'm with You 2011 Did I Let You Know
10%
Mother's Milk 1989 Magic Johnson
10%
The Red Hot Chili Peppers 1984 Mommy Where's Daddy
10%
Mother's Milk 1989 Sexy Mexican Maid
10%
By the Way 2002 Warm Tape
10%
Unlimited Love 2022 Whatchu Thinkin'
10%
The Red Hot Chili Peppers 1984 Baby Appeal
8%
Freaky Styley 1985 Catholic School Girls Rule
8%
Return of the Dream Canteen 2022 Copperbelly
8%
The Getaway 2016 Detroit
8%
The Getaway 2016 Feasting on the Flowers
8%
Mother's Milk 1989 Good Time Boys
8%
The Red Hot Chili Peppers 1984 Grand Pappy Du Plenty
8%
The Red Hot Chili Peppers 1984 Green Heaven
8%
Unlimited Love 2022 It's Only Natural
8%
Mother's Milk 1989 Johnny, Kick a Hole in the Sky
8%
Unlimited Love 2022 Not the One
8%
Return of the Dream Canteen 2022 Peace and Love
8%
Mother's Milk 1989 Punk Rock Classic
8%
Return of the Dream Canteen 2022 Roulette
8%
Return of the Dream Canteen 2022 Shoot Me a Smile
8%
Mother's Milk 1989 Taste the Pain
8%
Unlimited Love 2022 The Great Apes
8%
Unlimited Love 2022 The Heavy Wing
8%
The Red Hot Chili Peppers 1984 Buckle Down
6%
I'm with You 2011 Goodbye Hooray
6%
I'm with You 2011 Happiness Loves Company
6%
I'm with You 2011 Meet Me at the Corner
6%
Unlimited Love 2022 One Way Traffic
6%
The Uplift Mofo Party Plan 1987 Organic Anti-Beat Box Band
6%
The Uplift Mofo Party Plan 1987 Skinny Sweaty Man
6%
Stadium Arcadium (Jupiter) 2006 So Much I
6%
Mother's Milk 1989 Stone Cold Bush
6%
Unlimited Love 2022 Veronica
6%
The Getaway 2016 We Turn Red
6%
The Red Hot Chili Peppers 1984 You Always Sing the Same
6%
Unlimited Love 2022 Bastards of Light
5%
Freaky Styley 1985 Battleship
5%
Freaky Styley 1985 Lovin' and Touchin
5%
The Uplift Mofo Party Plan 1987 Party On Your Pussy
5%
Freaky Styley 1985 Thirty Dirty Birds
5%
The Getaway 2016 This Ticonderoga
5%
The Uplift Mofo Party Plan 1987 Backwoods
3%
Return of the Dream Canteen 2022 Bag of Grins
3%
Return of the Dream Canteen 2022 Carry me Home
3%
Return of the Dream Canteen 2022 Handful
3%
Unlimited Love 2022 Let 'Em Cry
3%
The Uplift Mofo Party Plan 1987 Love Trilogy
3%
The Uplift Mofo Party Plan 1987 No Chump Love Sucker
3%
Return of the Dream Canteen 2022 Reach Out
3%
The Uplift Mofo Party Plan 1987 Subterranean Homesick Blues
3%
The Uplift Mofo Party Plan 1987 Walkin' on Down the Road
3%
The Red Hot Chili Peppers 1984 Why Don't You Love Me (Like You Used To Do)
2%
One Hot Minute 1995 Shallow be Thy Games
0%
Aucun quiz correspondant
Distribution des résultats
% des personnes avec chaque résultat
Percentile par nombre de réponses
Votre historique - résultats
Vous n’avez pas pris ce quiz